Animated Movies by Picture - D - Statistics

General Stats
  • This quiz has been taken 585 times
  • The average score is 6 of 12
Answer Stats
Picture Answer % Correct
Dumbo
99%
Despicable Me
94%
Dinosaur
80%
Diary of a Wimpy Kid
65%
Dragon Ball: Curse of the Blood Rubies
63%
DuckTales the Movie: Treasure of the Lost Lamp
58%
Demon Slayer: Kimetsu no Yaiba – The Movie: Mugen Train
40%
Detective Conan: Sunflowers of Inferno
23%
DC League of Super-Pets
20%
Dragon Quest: Your Story
14%
Dofus - Book I: Julith
4%
Drifting Home
3%
No matching quizzes found
Score Distribution
Percent of People with Each Score
Percentile by Number Answered
Your Score History
You have not taken this quiz